Normal view
MARC view
- Cadena, Longinos,
Entry Nombre Personal
001 - NUMERO DE CONTROL
- campo de control: 28621
003 - IDENTIFICADOR DE NUMERO DE CONTROL
- campo de control: MX-MxUPN
005 - FECHA Y HORA DE LA ÜLTIMA TRANSACCIÓN
- campo de control: 20240606115055.0
008 - DATOS DE LONGITUD FIJA
- campo de control de longitud fija: 240606n||acnnnaabn a aaa |d
035 ## - NUMERO DE CONTROL
- Número de control: UPN11000000727
040 ## - FUENTE DE CATALOGACIÓN
- Lenguaje de catalogación: spa
- Agencia de transcripción: MX-MxUPN
- Agencia original de catalogación: MX-MxUPN
100 1# - ENCABEZAMIENTO - NOMBRE PERSONAL
- Nombre personal: Cadena, Longinos,
- Fechas asociadas con el nombre: 1862-1933
370 ## - LUGAR ASOCIADO
- Associated country: México
372 ## - CAMPO DE ACTIVIDAD
- Field of activity: Lengua española
- Field of activity: Lectura comentada
373 ## - GRUPO ASOCIADO
- Fuente del término: $naf
- Associated group: Escuela Nacional Preparatoria (Mexico)
374 ## - OCUPACIÓN
- Occupation: Educador
- Occupation: Filósofo
400 1# - VEÁSE - NOMBRE DE PERSONA
- Personal name: Cadena, L.,
- Dates associated with a name: 1862-1933
670 ## - FUENTE EN LA QUE SE LOCALIZARON DATOS
- Cita de la fuente: T
- Información localizada: Diccionario Porrúa de historia, biografía y geografía de México
670 ## - FUENTE EN LA QUE SE LOCALIZARON DATOS
- Cita de la fuente: Curso de lengua castellana : nuevo método para la enseñanza de esta asignatura : grado superior : libro del maestro, 1912 :
- Información localizada: portada (L. Cadena profesor de lengua nacional y lectura comentada de producciones literarias selectas, en la Escuela N. Preparatoria, y de Lenguaje Nacional en la Escuela S. de Comercio y Administración de Méjico)
680 ## - NOTA PUBLICA DE ACCESO PÚBLICO
- Frase explicativa de la referencia: Educador y filósofo mexicano
902 ## - CATALOGADOR
- Catalogador: DAA/221107
- Catalogador: MaríaRobles/060624
